Представление документа в формате MARC21

Поле Инд. ПП Название Значение
Тип записи a
Библиографический уровень m
001 Контрольный номер RU/IS/BASE/312897149
005 Дата корректировки 20220805121050.3
040 b Код языка каталог. rus
041 0_ a Код языка текста rus
080 a Индекс УДК 004.42
084 a Индекс другой классификации/Индекс ББК 32.973.26-018.2
090 a Полочн. индекс 681.3
c Каталожный индекс 681.3.06
x Авторский знак К17
097 b Оператор 11
100 1_ a Автор Калачёв В. М.
245 10 a Заглавие Программирование для ЭЦВМ "Минск-2" и "Минск-22"
260 a Место издания М.
b Издательство Советское радио
c Дата издания 1971
300 a Объем 311 с.
b Иллюстрации/ тип воспроизводства схем.
510 a Примечание о ссылках Книги и методические пособия
650 a Основная рубрика 50.41 Программное обеспечение вычислительных машин, комплексов и сетей
x Основная подрубрика 50.41.23 Программное обеспечение вычислительных сетей
650 14 a Основная рубрика 50.33 Цифровые вычислительные машины и вычислительные комплексы (ВК)
x Основная подрубрика 50.33.33 Специализированные ЭВМ и ВК
653 a Ключевые слова программирование; цифровые вычислительные машины
700 1_ a Другие авторы Якубович М. М.
901 t Тип документа m